| Tag |
First Indicator |
Second Indicator |
Subfields |
| LEADER |
00000nam a2200000 4500 |
| 001 |
in00004221421 |
| 005 |
20200806095735.0 |
| 006 |
m g d |
| 007 |
cr bn |||a|bb| |
| 008 |
910318s1594 enk o 00| | eng d |
| 035 |
|
|
|a (UnM)99841080
|
| 037 |
|
|
|a CL0036000012
|b ProQuest. 789 E. Eisenhower Parkway, Ann Arbor, MI 48108-3218
|
| 040 |
|
|
|a Cu-RivES
|c Cu-RivES
|d CStRLIN
|e dcrb
|d WaOLN
|
| 100 |
1 |
|
|a Dickenson, John,
|c romance writer.
|
| 245 |
1 |
0 |
|a Arisbas, Euphues amidst his slumbers: or Cupids iourney to hell :
|b Decyphering a myrror of constancie, a touch-stone of tried affection, begun in chaste desires, ended in choise delights: and emblasoning beauties glorie, adorned by natures bountie. VVith the triumph of true loue, in the foyle of false fortune. By I.D.
|
| 246 |
2 |
|
|a Arisbas, Euphues amidst his slumbers
|
| 246 |
2 |
|
|a Arisbas, Euphues slumbering, or Cupids iourney to hell.
|
| 246 |
2 |
|
|a Arisbas, Euphues slumbering, or Cupids journey to hell.
|
| 246 |
2 |
|
|a Cupids journey to hell.
|
| 246 |
2 |
|
|a Arisbas, Euphues amidst his slumbers: or Cupids journey to hell.
|
| 260 |
|
|
|a Imprinted at London :
|b By Thomas Creede, for Thomas Woodcocke, and are to be sold at his shop in Paules Church-yard,
|c 1594.
|
| 300 |
|
|
|a 1 online resource ([68] pages)
|
| 336 |
|
|
|a text
|b txt
|2 rdacontent
|
| 337 |
|
|
|a computer
|b c
|2 rdamedia
|
| 338 |
|
|
|a online resource
|b cr
|2 rdacarrier
|
| 500 |
|
|
|a Dedication signed: Iohn Dickenson.
|
| 500 |
|
|
|a Partly in verse.
|
| 500 |
|
|
|a Signatures: A-H⁴ I² .
|
| 500 |
|
|
|a Running title reads: Arisbas, Euphues slumbering, or Cupids iourney to hell.
|
| 500 |
|
|
|a Reproduction of the original in the Henry E. Huntington Library and Art Gallery.
|
| 510 |
4 |
|
|a STC (2nd edition)
|c 6817.
|
| 533 |
|
|
|a Electronic reproduction.
|b Ann Arbor, Mich. :
|c UMI,
|d 1999-
|f (Early English books online)
|n Digital version of: (Early English books, 1475-1640 ; 380:16)
|7 s1999 miun s
|
| 830 |
|
0 |
|a Early English books online.
|
| 856 |
4 |
0 |
|u http://proxy.library.tamu.edu/login?url=https://search.proquest.com/docview/2240861669
|z Connect to the full text of this electronic book
|t 0
|
| 999 |
f |
f |
|s 7565f71e-bfb9-3c0d-bccf-eaee9d36825b
|i befbda2e-e933-3aec-bb52-2d549400cef7
|t 0
|
| 952 |
f |
f |
|a Texas A&M University
|b College Station
|c Electronic Resources
|d Available Online
|t 0
|h No information provided
|
| 998 |
f |
f |
|t 0
|l Available Online
|